[Event "Monarch Assurance Isle of Man 12th"]
[Site "Port Erin IOM"]
[Date "2003.09.27"]
[Round "1.1"]
[White "Handke, Florian"]
[Black "Epishin, Vladimir"]
[Result "1-0"]
[WhiteElo "2476"]
[BlackElo "2642"]
[PlyCount "89"]
[EventDate "2003.09.27"]
[EventType "swiss"]
[EventRounds "9"]
[EventCountry "IOM"]
[SourceTitle "BritBase"]
[SourceDate "2008.07.14"]
[SourceVersion "1"]
[SourceVersionDate "2008.07.14"]
[SourceQuality "2"]

1. e4 c5 2. Nf3 e6 3. d4 cxd4 4. Nxd4 a6 5. Bd3 Bc5 6. Nb3 Be7 7. Qg4 g6 8. Qe2
d6 9. O-O Nd7 10. Nc3 Qc7 11. Bd2 b6 12. f4 Ngf6 13. Rae1 Bb7 14. e5 Nh5 15.
exd6 Bxd6 16. Ne4 Bxe4 17. Bxe4 Ra7 18. g3 O-O 19. Bc3 Ng7 20. Rd1 Rc8 21. Rd2
Nc5 22. Nxc5 Bxc5+ 23. Kh1 Qe7 24. Rfd1 h5 25. a3 a5 26. Bf3 Qf8 27. Qe5 Be7
28. Rd7 f6 29. Qe4 Rxd7 30. Rxd7 Rd8 31. Rxd8 Qxd8 32. Qxg6 b5 33. Qe4 Kf7 34.
Qh7 Bf8 35. Bxh5+ Ke7 36. Bf3 Qb6 37. Qe4 Nf5 38. Qb7+ Qxb7 39. Bxb7 Ne3 40.
Be4 f5 41. Bd3 b4 42. Bd4 Nd5 43. a4 Kf7 44. Bc4 Ne7 45. Bb6 1-0

[Event "Monarch Assurance Isle of Man 12th"]
[Site "Port Erin IOM"]
[Date "2003.09.27"]
[Round "1.2"]
[White "Lputian, Smbat G"]
[Black "Sandipan, Chanda"]
[Result "0-1"]
[WhiteElo "2623"]
[BlackElo "2469"]
[PlyCount "52"]
[EventDate "2003.09.27"]
[EventType "swiss"]
[EventRounds "9"]
[EventCountry "IOM"]
[SourceTitle "BritBase"]
[SourceDate "2008.07.14"]
[SourceVersion "1"]
[SourceVersionDate "2008.07.14"]
[SourceQuality "2"]

1. d4 Nf6 2. Bg5 e6 3. e3 h6 4. Bh4 b6 5. c4 g5 6. Bg3 Ne4 7. Bd3 Nxg3 8. hxg3
Bb7 9. Nf3 Bg7 10. Nc3 Nc6 11. a3 Ne7 12. Be4 Bxe4 13. Nxe4 d5 14. cxd5 exd5
15. Nc3 Qd6 16. Qc2 c6 17. Rc1 f5 18. Na2 O-O 19. Nb4 f4 20. gxf4 gxf4 21. exf4
Rxf4 22. Nxc6 Rc8 23. Nfe5 Nxc6 24. Nxc6 Rf6 25. Rh5 Rxc6 26. Qxc6 Qe7+ 0-1

[Event "Monarch Assurance Isle of Man 12th"]
[Site "Port Erin IOM"]
[Date "2003.09.27"]
[Round "1.3"]
[White "Jonkman, Harmen"]
[Black "Iordachescu, Viorel"]
[Result "0-1"]
[WhiteElo "2424"]
[BlackElo "2606"]
[PlyCount "78"]
[EventDate "2003.09.27"]
[EventType "swiss"]
[EventRounds "9"]
[EventCountry "IOM"]
[SourceTitle "BritBase"]
[SourceDate "2008.07.14"]
[SourceVersion "1"]
[SourceVersionDate "2008.07.14"]
[SourceQuality "2"]

1. e4 g6 2. d4 Bg7 3. Nf3 d6 4. Nc3 c6 5. Be3 Nf6 6. Qd2 O-O 7. Bd3 Bg4 8. Ng5
e5 9. dxe5 dxe5 10. f3 Bc8 11. h4 Nh5 12. O-O-O b5 13. Ne2 Qf6 14. c4 h6 15.
Nh3 Bxh3 16. Rxh3 Rd8 17. Qa5 Nd7 18. cxb5 Nf4 19. Bxf4 exf4 20. Nc3 Nc5 21.
Be2 Rxd1+ 22. Nxd1 cxb5 23. Qxb5 Qd4 24. Rh1 Rc8 25. Kb1 Qd2 26. Qc4 a5 27. a4
h5 28. Qc2 Qxc2+ 29. Kxc2 Nxa4+ 30. Kb3 Nxb2 31. Nxb2 Rb8+ 32. Ka3 Rxb2 33. Bc4
Rxg2 34. Rb1 Rc2 35. Rb8+ Bf8+ 36. Kb3 Rc1 37. Bd3 Rc7 38. Bc4 Kg7 39. Kc3 Bd6
{time} 0-1

[Event "Monarch Assurance Isle of Man 12th"]
[Site "Port Erin IOM"]
[Date "2003.09.27"]
[Round "1.5"]
[White "Lane, Gary W"]
[Black "Sulskis, Sarunas"]
[Result "0-1"]
[WhiteElo "2412"]
[BlackElo "2593"]
[PlyCount "58"]
[EventDate "2003.09.27"]
[EventType "swiss"]
[EventRounds "9"]
[EventCountry "IOM"]
[SourceTitle "BritBase"]
[SourceDate "2008.07.14"]
[SourceVersion "1"]
[SourceVersionDate "2008.07.14"]
[SourceQuality "2"]

1. e4 e5 2. Nf3 Nc6 3. Bb5 f5 4. Nc3 Nd4 5. Ba4 c6 6. O-O b5 7. Bb3 Nxb3 8.
axb3 b4 9. Na4 fxe4 10. Nxe5 Nf6 11. d4 Be7 12. Bg5 O-O 13. Qe2 Nd5 14. Bd2 Qc7
15. Qxe4 d6 16. Nd3 Bf5 17. Qf3 Rab8 18. Rab1 Qd7 19. Qg3 Bf6 20. Rbd1 Bxd4 21.
Nxb4 Nxb4 22. Bxb4 Rxb4 23. c3 Be5 24. f4 Bxf4 25. Rxf4 Rxf4 26. Qxf4 Bg4 27.
Qxd6 Qf7 28. h3 Bxd1 29. Qxd1 a5 0-1

[Event "Monarch Assurance Isle of Man 12th"]
[Site "Port Erin IOM"]
[Date "2003.09.27"]
[Round "1.6"]
[White "Fridman, Daniel"]
[Black "Van der Weide, Karel"]
[Result "1/2-1/2"]
[WhiteElo "2592"]
[BlackElo "2412"]
[PlyCount "64"]
[EventDate "2003.09.27"]
[EventType "swiss"]
[EventRounds "9"]
[EventCountry "IOM"]
[SourceTitle "BritBase"]
[SourceDate "2008.07.14"]
[SourceVersion "1"]
[SourceVersionDate "2008.07.14"]
[SourceQuality "2"]

1. d4 Nf6 2. Nf3 g6 3. c4 Bg7 4. g3 O-O 5. Bg2 d6 6. Nc3 Nbd7 7. O-O e5 8. e4
exd4 9. Nxd4 a6 10. Nde2 Rb8 11. h3 Ne5 12. b3 Bd7 13. a4 Qc8 14. Kh2 h5 15.
Bg5 Re8 16. Rc1 Nh7 17. Be3 Nf6 18. Nd5 Nxe4 19. Nxc7 Nxf2 {(=)} 20. Rxf2 Qxc7
21. Nf4 Bc6 22. Nd5 Bxd5 23. Bxd5 Kh8 24. Bd4 f5 25. Qd2 Qe7 26. Rcf1 Rf8 27.
Be3 Kh7 28. a5 Rbe8 29. Bg5 Bf6 30. Bh6 Bg7 31. Bg5 Bf6 32. Bh6 Bg7 1/2-1/2

[Event "Monarch Assurance Isle of Man 12th"]
[Site "Port Erin IOM"]
[Date "2003.09.27"]
[Round "1.7"]
[White "Maze, Sebastien"]
[Black "Kuzmin, Alexey"]
[Result "1/2-1/2"]
[WhiteElo "2412"]
[BlackElo "2583"]
[PlyCount "80"]
[EventDate "2003.09.27"]
[EventType "swiss"]
[EventRounds "9"]
[EventCountry "IOM"]
[SourceTitle "BritBase"]
[SourceDate "2008.07.14"]
[SourceVersion "1"]
[SourceVersionDate "2008.07.14"]
[SourceQuality "2"]

1. e4 e5 2. Nf3 Nc6 3. Bb5 a6 4. Bxc6 dxc6 5. Nc3 f6 6. d4 exd4 7. Qxd4 Qxd4 8.
Nxd4 Bd6 9. Nde2 Be6 10. Bf4 O-O-O 11. O-O-O Ne7 12. Bxd6 cxd6 13. Rhe1 Kc7 14.
Nd4 Bc8 15. f4 Rhe8 16. Rd2 b5 17. a3 c5 18. Nf3 Bb7 19. Rde2 h6 20. h4 Bc6 21.
b4 a5 22. Kb2 Ra8 23. e5 axb4 24. exd6+ Kxd6 25. axb4 cxb4 26. Ne4+ Kc7 27.
Nxf6 gxf6 28. Rxe7+ Rxe7 29. Rxe7+ Kd6 30. Rh7 Bxf3 31. gxf3 Ra3 32. Rxh6 Ke6
33. f5+ Ke5 34. f4+ Kxf5 35. Rh5+ Kxf4 36. Rxb5 Rh3 37. Rxb4+ Kg3 38. Rb3+ Kxh4
39. Rxh3+ Kxh3 40. c4 f5 1/2-1/2

[Event "Monarch Assurance Isle of Man 12th"]
[Site "Port Erin IOM"]
[Date "2003.09.27"]
[Round "1.8"]
[White "Al Modiahki, Mohamad"]
[Black "Prasad, Devaki V"]
[Result "1-0"]
[WhiteElo "2574"]
[BlackElo "2407"]
[PlyCount "99"]
[EventDate "2003.09.27"]
[EventType "swiss"]
[EventRounds "9"]
[EventCountry "IOM"]
[SourceTitle "BritBase"]
[SourceDate "2008.07.14"]
[SourceVersion "1"]
[SourceVersionDate "2008.07.14"]
[SourceQuality "2"]

1. e4 e5 2. Nf3 Nf6 3. Nxe5 d6 4. Nf3 Nxe4 5. d4 d5 6. Bd3 Nc6 7. O-O Be7 8. c4
Nb4 9. Be2 O-O 10. Nc3 Be6 11. Ne5 f6 12. Nf3 Kh8 13. Re1 c5 14. Be3 f5 15.
dxc5 dxc4 16. Nd4 Qc8 17. a3 Nc6 18. Nxe4 fxe4 19. Nxe6 Qxe6 20. Qc2 Qe5 21.
Qxc4 Qxb2 22. Qxe4 Bf6 23. Rab1 Qxa3 24. Bd3 g6 25. Rxb7 Ne5 26. Bd4 Qxd3 27.
Bxe5 Qxe4 28. Bxf6+ Rxf6 29. Rxe4 Rc6 30. Ree7 h5 31. f4 a5 32. f5 gxf5 33.
Rh7+ Kg8 34. Rbg7+ Kf8 35. Rg5 Rd8 36. Rxf5+ Kg8 37. Rhxh5 Rd1+ 38. Rf1 Rd4 39.
Rg5+ Kh7 40. Rc1 a4 41. Rg3 Rb4 42. Ra3 Kg6 43. Rca1 Rxc5 44. Rxa4 Rxa4 45.
Rxa4 Rc1+ 46. Kf2 Rc2+ 47. Kf3 Rc3+ 48. Kg4 Rc2 49. Ra6+ Kg7 50. Kh3 1-0

[Event "Monarch Assurance Isle of Man 12th"]
[Site "Port Erin IOM"]
[Date "2003.09.27"]
[Round "1.9"]
[White "Grunberg, Mihai"]
[Black "Luther, Thomas"]
[Result "0-1"]
[WhiteElo "2406"]
[BlackElo "2574"]
[PlyCount "62"]
[EventDate "2003.09.27"]
[EventType "swiss"]
[EventRounds "9"]
[EventCountry "IOM"]
[SourceTitle "BritBase"]
[SourceDate "2008.07.14"]
[SourceVersion "1"]
[SourceVersionDate "2008.07.14"]
[SourceQuality "2"]

1. f4 d5 2. Nf3 g6 3. g3 Bg7 4. Bg2 Nh6 5. d3 d4 6. c3 c5 7. e4 dxe3 8. Bxe3
Nd7 9. O-O O-O 10. Na3 Rb8 11. Re1 Ng4 12. Bd2 b5 13. Qe2 Re8 14. d4 b4 15. Nc2
Qb6 16. Ng5 bxc3 17. bxc3 Nh6 18. Be3 Ba6 19. dxc5 Nxc5 20. Qf2 Rbc8 21. Bh3
Nf5 22. Nb4 Bb7 23. Rec1 a5 24. Bxc5 Qxc5 25. Qxc5 Rxc5 26. Nd3 Rxc3 27. Rxc3
Bxc3 28. Rb1 Bd4+ 29. Nf2 Nd6 30. Bg2 Bxg2 31. Kxg2 Rc8 0-1

[Event "Monarch Assurance Isle of Man 12th"]
[Site "Port Erin IOM"]
[Date "2003.09.27"]
[Round "1.10"]
[White "Agdestein, Simen"]
[Black "Hunt, Harriet"]
[Result "1-0"]
[WhiteElo "2571"]
[BlackElo "2402"]
[PlyCount "139"]
[EventDate "2003.09.27"]
[EventType "swiss"]
[EventRounds "9"]
[EventCountry "IOM"]
[SourceTitle "BritBase"]
[SourceDate "2008.07.14"]
[SourceVersion "1"]
[SourceVersionDate "2008.07.14"]
[SourceQuality "2"]

1. e4 c5 2. Nf3 d6 3. d4 cxd4 4. Nxd4 Nf6 5. Nc3 a6 6. Bg5 e6 7. f4 Be7 8. Qd3
Nbd7 9. O-O-O Qc7 10. Be2 b5 11. Bf3 b4 12. Nce2 Bb7 13. Ng3 Rc8 14. Rhe1 Nc5
15. Qd2 h6 16. Bxf6 Bxf6 17. Kb1 g6 18. Qxb4 Rb8 19. Qc4 Qb6 20. Nb3 Nxb3 21.
cxb3 O-O 22. Qd3 Rfd8 23. Qe3 Qb4 24. a3 Qb5 25. Be2 Qa5 26. b4 Qa4 27. Bc4 a5
28. Bb3 Qb5 29. Rc1 axb4 30. a4 Qa5 31. Qd2 Qb6 32. Rc4 Ba6 33. Rc2 Bd4 34. f5
Kg7 35. fxe6 fxe6 36. Bxe6 Be5 37. Rec1 Rb7 38. Rc6 Qa5 39. Bb3 Rf8 40. R1c2
Bf4 41. Qd4+ Be5 42. Qe3 Bf4 43. Qf3 Be5 44. Qe3 Bf4 45. Qf3 Be5 46. Qg4 Bd3
47. Nf5+ Kh7 48. Nh4 Rg7 49. Nf3 Bxc2+ 50. Rxc2 Qd8 51. Qe6 Re7 52. Qd5 Qa8 53.
Rc6 Rc8 54. Nxe5 dxe5 55. Rb6 Qa7 56. Qd6 Rg7 57. Qxb4 Qc7 58. Ka2 Qc1 59. Rb5
Qg1 60. Rb7 Rcc7 61. Bg8+ Kh8 62. Rxc7 Rxc7 63. Qf8 Rg7 64. h4 Qxg2 65. h5 Qh2
66. Be6+ Kh7 67. hxg6+ Rxg6 68. Qf7+ Rg7 69. Qf5+ Kh8 70. Qf8+ 1-0

[Event "Monarch Assurance Isle of Man 12th"]
[Site "Port Erin IOM"]
[Date "2003.09.27"]
[Round "1.11"]
[White "Cioara, Andrei N"]
[Black "Korneev, Oleg"]
[Result "0-1"]
[WhiteElo "2394"]
[BlackElo "2561"]
[PlyCount "88"]
[EventDate "2003.09.27"]
[EventType "swiss"]
[EventRounds "9"]
[EventCountry "IOM"]
[SourceTitle "BritBase"]
[SourceDate "2008.07.14"]
[SourceVersion "1"]
[SourceVersionDate "2008.07.14"]
[SourceQuality "2"]

1. d4 Nf6 2. Nf3 d5 3. g3 Bf5 4. Bg2 e6 5. O-O Be7 6. c4 c6 7. Nc3 O-O 8. Nh4
dxc4 9. e4 Bg4 10. f3 Bh5 11. g4 Nfd7 12. gxh5 Bxh4 13. f4 c5 14. e5 Nc6 15. d5
exd5 16. Qxd5 Nb6 17. Qxc5 Qd3 18. Qe3 Rad8 19. Be4 Qd7 20. Qe2 f5 21. Bg2 Nd4
22. Qd1 Be7 23. Be3 Bc5 24. Kh1 Qe7 25. Bxd4 Bxd4 26. Qf3 Bxc3 27. Qxc3 Rd3 28.
Qa5 Rfd8 29. Qxa7 Nd5 30. Rae1 Kf8 31. h6 g6 32. Re2 b5 33. Qxe7+ Kxe7 34. Bxd5
R8xd5 35. Kg2 R5d4 36. a3 g5 37. fxg5 Rg4+ 38. Kf2 Rxg5 39. e6 Rd5 40. h4 Rg4
41. Rg1 Rxh4 42. Kg2 Rxh6 43. Kf3 Rd3+ 44. Kf4 Kf6 {score looks questionable
but both scoresheets agree} 0-1

[Event "Monarch Assurance Isle of Man 12th"]
[Site "Port Erin IOM"]
[Date "2003.09.27"]
[Round "1.12"]
[White "Halkias, Stelios"]
[Black "Williams, Simon K"]
[Result "1/2-1/2"]
[WhiteElo "2560"]
[BlackElo "2381"]
[PlyCount "88"]
[EventDate "2003.09.27"]
[EventType "swiss"]
[EventRounds "9"]
[EventCountry "IOM"]
[SourceTitle "BritBase"]
[SourceDate "2008.07.14"]
[SourceVersion "1"]
[SourceVersionDate "2008.07.14"]
[SourceQuality "2"]

1. d4 e6 2. c4 f5 3. Nc3 Nf6 4. e3 b6 5. Be2 Bb7 6. Bf3 Bxf3 7. Qxf3 Nc6 8.
Nge2 Be7 9. O-O O-O 10. b3 a6 11. Bb2 Rb8 12. Nf4 Qe8 13. Nd3 b5 14. cxb5 axb5
15. d5 Nd8 16. b4 Nf7 17. Rad1 Bd6 18. g3 Ng5 19. Qg2 Qh5 20. f3 e5 21. h4
Nxf3+ 22. Qxf3 Qxf3 23. Rxf3 e4 24. Rxf5 exd3 25. Rxd3 Bxb4 26. Ne2 Bd6 27. Nf4
b4 28. Bxf6 Rxf6 29. Rxf6 gxf6 30. Kf2 Kf7 31. Rd2 Ke7 32. Rc2 Ra8 33. Kf3 Ra3
34. Ne2 Be5 35. Ke4 h5 36. Nf4 Bxf4 37. gxf4 Kd6 38. Rd2 {(=)} Ra5 39. Rd4 Rb5
40. Kf5 Rxd5+ 41. Kxf6 c5 42. Rxd5+ Kxd5 43. f5 c4 44. Kg7 c3 1/2-1/2

[Event "Monarch Assurance Isle of Man 12th"]
[Site "Port Erin IOM"]
[Date "2003.09.27"]
[Round "1.13"]
[White "Pert, Richard"]
[Black "Psakhis, Lev"]
[Result "1/2-1/2"]
[WhiteElo "2380"]
[BlackElo "2550"]
[PlyCount "34"]
[EventDate "2003.09.27"]
[EventType "swiss"]
[EventRounds "9"]
[EventCountry "IOM"]
[SourceTitle "BritBase"]
[SourceDate "2008.07.14"]
[SourceVersion "1"]
[SourceVersionDate "2008.07.14"]
[SourceQuality "2"]

1. d4 e6 2. Nf3 Nf6 3. c4 b6 4. a3 Bb7 5. Nc3 d5 6. cxd5 Nxd5 7. Bd2 Nd7 8.
Nxd5 exd5 9. g3 Bd6 10. Bg5 Nf6 11. Bg2 h6 12. Bxf6 Qxf6 13. b4 O-O 14. O-O c6
15. Qd2 a5 16. Rfc1 Rfc8 17. e3 Qe7 1/2-1/2

[Event "Monarch Assurance Isle of Man 12th"]
[Site "Port Erin IOM"]
[Date "2003.09.27"]
[Round "1.14"]
[White "Hebden, Mark"]
[Black "Aagaard, Jacob"]
[Result "1-0"]
[WhiteElo "2544"]
[BlackElo "2360"]
[PlyCount "69"]
[EventDate "2003.09.27"]
[EventType "swiss"]
[EventRounds "9"]
[EventCountry "IOM"]
[SourceTitle "BritBase"]
[SourceDate "2008.07.14"]
[SourceVersion "1"]
[SourceVersionDate "2008.07.14"]
[SourceQuality "2"]

1. e4 c5 2. Nf3 d6 3. d4 cxd4 4. Nxd4 Nf6 5. Nc3 a6 6. Bg5 e6 7. f4 Nbd7 8. Qf3
Qc7 9. O-O-O b5 10. Bd3 Bb7 11. a3 Qb6 12. Nb3 Be7 13. Qe2 Rc8 14. Kb1 Rxc3 15.
bxc3 Qc7 16. Rhe1 O-O 17. e5 dxe5 18. fxe5 Nd5 19. Bxh7+ Kxh7 20. Rxd5 Bxd5 21.
Bxe7 Re8 22. Bb4 Kg8 23. Qe3 f6 24. Bd6 Qc4 25. exf6 Nxf6 26. h3 a5 27. g4 Rc8
28. Be5 Nd7 29. Bd4 Qc7 30. Qg5 e5 31. Nc1 exd4 32. Qxd5+ Kf8 33. Qf5+ Nf6 34.
g5 d3 35. gxf6 1-0

[Event "Monarch Assurance Isle of Man 12th"]
[Site "Port Erin IOM"]
[Date "2003.09.27"]
[Round "1.15"]
[White "Daly, Colm"]
[Black "Kogan, Artur"]
[Result "0-1"]
[WhiteElo "2355"]
[BlackElo "2534"]
[PlyCount "61"]
[EventDate "2003.09.27"]
[EventType "swiss"]
[EventRounds "9"]
[EventCountry "IOM"]
[SourceTitle "BritBase"]
[SourceDate "2008.07.14"]
[SourceVersion "1"]
[SourceVersionDate "2008.07.14"]
[SourceQuality "2"]

1. Nf3 d5 2. d4 c6 3. c4 Nf6 4. e3 Bf5 5. Nc3 e6 6. Bd3 Bxd3 7. Qxd3 Bb4 8. O-O
Nbd7 9. a3 Bxc3 10. bxc3 Qa5 11. cxd5 cxd5 12. Rb1 Nb6 13. Nd2 Rc8 14. Bb2 O-O
15. f3 Rc7 16. e4 Na4 17. c4 Qa6 18. Rfc1 Rfc8 19. Ba1 dxc4 20. Qe3 b5 21. Qg5
c3 22. Nf1 Qb6 23. Rxb5 Qxd4+ 24. Qe3 e5 25. Rb4 Rc4 26. Rb7 Nc5 27. Rxa7 Nd3
28. Rc2 Rb8 29. h4 h6 30. a4 Rb1 31. Qxd4 0-1

[Event "Monarch Assurance Isle of Man 12th"]
[Site "Port Erin IOM"]
[Date "2003.09.27"]
[Round "1.16"]
[White "Barsov, Alexei"]
[Black "Mannion, Stephen"]
[Result "1-0"]
[WhiteElo "2526"]
[BlackElo "2339"]
[PlyCount "53"]
[EventDate "2003.09.27"]
[EventType "swiss"]
[EventRounds "9"]
[EventCountry "IOM"]
[SourceTitle "BritBase"]
[SourceDate "2008.07.14"]
[SourceVersion "1"]
[SourceVersionDate "2008.07.14"]
[SourceQuality "2"]

1. d4 Nf6 2. c4 c5 3. d5 b5 4. cxb5 a6 5. bxa6 g6 6. Nc3 Bxa6 7. g3 d6 8. Bg2
Bg7 9. Nf3 Nbd7 10. Rb1 Nb6 11. b3 Bc8 12. Nh4 h6 13. Qc2 Qd7 14. f4 Bb7 15.
Bb2 O-O 16. Qd2 Ne8 17. O-O Nc7 18. f5 g5 19. f6 exf6 20. Nf5 Ne8 21. h4 Qd8
22. Ne4 Nxd5 23. hxg5 Qa5 24. gxh6 Bh8 25. h7+ Kxh7 26. Qh6+ Kg8 27. Ng5 1-0

[Event "Monarch Assurance Isle of Man 12th"]
[Site "Port Erin IOM"]
[Date "2003.09.27"]
[Round "1.17"]
[White "Cooper, Lawrence"]
[Black "Motwani, Paul"]
[Result "1/2-1/2"]
[WhiteElo "2335"]
[BlackElo "2525"]
[PlyCount "64"]
[EventDate "2003.09.27"]
[EventType "swiss"]
[EventRounds "9"]
[EventCountry "IOM"]
[SourceTitle "BritBase"]
[SourceDate "2008.07.14"]
[SourceVersion "1"]
[SourceVersionDate "2008.07.14"]
[SourceQuality "2"]

1. e4 c6 2. d4 d5 3. exd5 cxd5 4. c4 Nf6 5. Nc3 Nc6 6. Bg5 e6 7. Nf3 Be7 8. c5
O-O 9. Bb5 Ne4 10. Bxe7 Nxe7 11. Rc1 b6 12. c6 Nd6 13. c7 Qxc7 14. Nxd5 Qd8 15.
Nxe7+ Qxe7 16. Bc6 Bb7 17. O-O Rad8 18. d5 exd5 19. Qxd5 Bc8 20. Rfe1 {(=)} Be6
21. Qe5 Qf6 22. Qxf6 gxf6 23. a3 Nf5 24. Rcd1 Rxd1 25. Rxd1 Rc8 26. Be4 Nd6 27.
Bd3 Bb3 28. Re1 Bc2 29. Ba6 Rd8 30. Rc1 Be4 31. Nd2 Bg6 32. f3 Kf8 1/2-1/2

[Event "Monarch Assurance Isle of Man 12th"]
[Site "Port Erin IOM"]
[Date "2003.09.27"]
[Round "1.18"]
[White "Mikhalevski, Victor"]
[Black "Devereaux, Max"]
[Result "1/2-1/2"]
[WhiteElo "2523"]
[BlackElo "2329"]
[PlyCount "128"]
[EventDate "2003.09.27"]
[EventType "swiss"]
[EventRounds "9"]
[EventCountry "IOM"]
[SourceTitle "BritBase"]
[SourceDate "2008.07.14"]
[SourceVersion "1"]
[SourceVersionDate "2008.07.14"]
[SourceQuality "2"]

1. d4 d5 2. c4 c6 3. Nf3 Nf6 4. Nc3 dxc4 5. a4 Bf5 6. Ne5 Nbd7 7. Nxc4 Qc7 8.
g3 e5 9. dxe5 Nxe5 10. Bf4 Nfd7 11. Bg2 g5 12. Ne3 gxf4 13. Nxf5 O-O-O 14. gxf4
Nc5 15. Qc2 Nc4 16. Rd1 Rxd1+ 17. Qxd1 Qxf4 18. Bh3 Kc7 19. Qc2 Qe5 20. O-O
Rg8+ 21. Kh1 Bd6 22. f4 Qe6 23. Rf3 Qf6 24. b3 Nxb3 25. Nxd6 Nd4 26. Ndb5+ cxb5
27. Nd5+ Kb8 28. Nxf6 Nxc2 29. Nxg8 bxa4 30. Bf5 N2e3 31. Ne7 a3 32. Bb1 Kc7
33. Ba2 b5 34. Kg1 Kd6 35. Nc8+ Kc5 36. Nxa7 b4 37. Kf2 Nd1+ 38. Ke1 Nc3 39.
Rxc3 bxc3 40. Kd1 Ne3+ 41. Kc1 f6 42. f5 h5 43. Kb1 h4 44. h3 Nxf5 45. Kc2 {(=)
} Nd4+ 46. Kxc3 Nxe2+ 47. Kd2 Nf4 48. Nc8 Nxh3 49. Ne7 Nf4 50. Nf5 h3 51. Ke3
h2 52. Ng3 Nd5+ 53. Kf3 Nc3 54. Bb3 Kb4 55. Bg8 Nb5 56. Kg2 Nd4 57. Nf1 Nb3 58.
Ne3 Kc3 59. Nd5+ Kd2 60. Nb4 Nd4 61. Kxh2 f5 62. Kg3 Ke3 63. Nd5+ Kd2 64. Nb4
Ke3 1/2-1/2

[Event "Monarch Assurance Isle of Man 12th"]
[Site "Port Erin IOM"]
[Date "2003.09.27"]
[Round "1.19"]
[White "Dannevig, Oystein"]
[Black "Emms, John"]
[Result "0-1"]
[WhiteElo "2331"]
[BlackElo "2520"]
[PlyCount "100"]
[EventDate "2003.09.27"]
[EventType "swiss"]
[EventRounds "9"]
[EventCountry "IOM"]
[SourceTitle "BritBase"]
[SourceDate "2008.07.14"]
[SourceVersion "1"]
[SourceVersionDate "2008.07.14"]
[SourceQuality "2"]

1. e4 c5 2. Nf3 e6 3. b3 b6 4. d4 cxd4 5. Nxd4 a6 6. Bd3 Bb7 7. O-O d6 8. Bb2
Nf6 9. Nd2 Nbd7 10. f4 e5 11. Nf5 g6 12. Ne3 exf4 13. Nd5 Bg7 14. Rxf4 Bxd5 15.
exd5 O-O 16. Qf1 b5 17. c4 b4 18. Bd4 Nh5 19. Bxg7 Kxg7 20. Rf2 Nc5 21. Re1 Nf6
22. Rf4 Ra7 23. Bc2 Re7 24. Rxe7 Qxe7 25. Qa1 Re8 26. Ne4 Ncxe4 27. Rxe4 Qa7+
28. Kf1 Rxe4 29. Bxe4 Qe3 30. Bf3 a5 31. Qb2 Qf4 32. h3 h5 33. Kf2 Kf8 34. Qe2
Qh4+ 35. Kg1 Nd7 36. Qf2 Qd8 37. Qa7 Kg7 38. Kf2 Nc5 39. Ke2 a4 40. bxa4 Qf6
41. Qb6 Qe5+ 42. Kf2 Qd4+ 43. Kf1 Qa1+ 44. Kf2 Qxa2+ 45. Kg3 Qxc4 46. Qxd6 Qc3
47. Qb8 b3 48. h4 b2 49. Kh2 Nd7 50. Qb7 Ne5 0-1

[Event "Monarch Assurance Isle of Man 12th"]
[Site "Port Erin IOM"]
[Date "2003.09.27"]
[Round "1.20"]
[White "Arkell, Keith"]
[Black "Menacher, Manfred"]
[Result "1-0"]
[WhiteElo "2513"]
[BlackElo "2327"]
[PlyCount "97"]
[EventDate "2003.09.27"]
[EventType "swiss"]
[EventRounds "9"]
[EventCountry "IOM"]
[SourceTitle "BritBase"]
[SourceDate "2008.07.14"]
[SourceVersion "1"]
[SourceVersionDate "2008.07.14"]
[SourceQuality "2"]

1. Nf3 Nf6 2. c4 e6 3. Nc3 Bb4 4. g3 O-O 5. Bg2 d5 6. Qb3 Nc6 7. d4 Ne4 8. cxd5
exd5 9. O-O Bxc3 10. bxc3 Na5 11. Qc2 Nc4 12. Nd2 Ncxd2 13. Bxd2 Bf5 14. Qb2 c6
15. Bf4 Qb6 16. Qa3 Rfe8 17. Rab1 Qa6 18. Qxa6 bxa6 19. Rb3 g5 20. Be3 Nd6 21.
Re1 f6 22. Bc1 Bd3 23. e3 Bc4 24. Rb2 Rab8 25. Bh3 Bb5 26. f3 a5 27. Bd7 Red8
28. Be6+ Kg7 29. e4 Nc4 30. Rb1 a6 31. f4 Re8 32. Bd7 Red8 33. Bg4 dxe4 34.
fxg5 Ba4 35. gxf6+ Kxf6 36. Rxb8 Rxb8 37. Rxe4 Rb1 38. Re1 Bc2 39. h4 a4 40.
Kf2 a3 41. Bg5+ Kg6 42. Re6+ Kf7 43. Rxc6 Nb6 44. Be6+ Kg7 45. Rc7+ Kg6 46. g4
h5 47. Bf7+ Kg7 48. gxh5 Kf8 49. Bh6# 1-0

[Event "Monarch Assurance Isle of Man 12th"]
[Site "Port Erin IOM"]
[Date "2003.09.27"]
[Round "1.21"]
[White "Molander, Riku"]
[Black "Moreno Carnero, Javier"]
[Result "0-1"]
[WhiteElo "2324"]
[BlackElo "2512"]
[PlyCount "62"]
[EventDate "2003.09.27"]
[EventType "swiss"]
[EventRounds "9"]
[EventCountry "IOM"]
[SourceTitle "BritBase"]
[SourceDate "2008.07.14"]
[SourceVersion "1"]
[SourceVersionDate "2008.07.14"]
[SourceQuality "2"]

1. e4 c5 2. Nf3 d6 3. d4 cxd4 4. Nxd4 Nf6 5. Nc3 a6 6. Bg5 e6 7. f4 Qc7 8. Qf3
b5 9. f5 b4 10. Ncb5 axb5 11. Bxb5+ Bd7 12. fxe6 Bxb5 13. Nxb5 Qc5 14. Bxf6
fxe6 15. Nd4 gxf6 16. Nxe6 Qc4 17. Qxf6 Nd7 18. Nc7+ Qxc7 19. Qxh8 Qc5 20. Qxh7
Qe3+ 21. Kd1 b3 22. Qh5+ Ke7 23. Qf3 Qd4+ 24. Ke2 Ne5 25. Qxb3 Qxe4+ 26. Kf2
Bh6 27. Rae1 Qd4+ 28. Ke2 Rf8 29. Qb7+ Ke6 30. Qb3+ d5 31. Qh3+ Ng4 0-1

[Event "Monarch Assurance Isle of Man 12th"]
[Site "Port Erin IOM"]
[Date "2003.09.27"]
[Round "1.22"]
[White "Pert, Nicholas"]
[Black "Kiseleva, Natalia"]
[Result "1-0"]
[WhiteElo "2483"]
[BlackElo "2322"]
[PlyCount "65"]
[EventDate "2003.09.27"]
[EventType "swiss"]
[EventRounds "9"]
[EventCountry "IOM"]
[SourceTitle "BritBase"]
[SourceDate "2008.07.14"]
[SourceVersion "1"]
[SourceVersionDate "2008.07.14"]
[SourceQuality "2"]

1. d4 Nf6 2. Nf3 g6 3. c4 Bg7 4. g3 O-O 5. Bg2 d6 6. O-O Nc6 7. Nc3 a6 8. Re1
Rb8 9. Rb1 Re8 10. d5 Na5 11. Qd3 c5 12. b3 Bd7 13. a4 Qc7 14. e4 e6 15. dxe6
Bxe6 16. Bf4 Rbd8 17. Nd5 Nxd5 18. cxd5 Bd7 19. b4 c4 20. Rec1 Rc8 21. Qa3 Nb3
22. Rxb3 cxb3 23. Rxc7 Rxc7 24. Qxb3 Rc3 25. Qa2 Rxe4 26. h3 Rxb4 27. Qe2 Bf8
28. Ng5 Bxa4 29. Ne4 Rc2 30. Qe3 Bg7 31. Bxd6 Rb5 32. Qg5 h6 33. Qd8+ 1-0